| 000 | 00716nam a22001937a 4500 | ||
|---|---|---|---|
| 005 | 20250716094345.0 | ||
| 008 | 150825b ag ||||| |||| 00| 0 spa d | ||
| 020 | _a9502006550 | ||
| 050 | 0 | 4 |
_aKHA152 _bF35 1992 |
| 100 | 1 | _aFalcón, Enrique M. | |
| 245 | 1 | 0 |
_aQué es la informática jurídica _b : del abaco al derecho informático _c / Enrique M. Falcón. |
| 246 | 1 | 0 |
_a¿Qué es la informática jurídica? _b : del abaco al derecho informático |
| 250 | _a1a ed. | ||
| 260 |
_aBuenos Aires, Argentina : _bAbeledo-Perrot, _c1992 |
||
| 300 |
_a197 p. : _bil. ; _c23 cm. |
||
| 500 | _aIncluye índice | ||
| 650 | 7 |
_2lemb _aSistemas de almacenamiento y recuperación de información _zArgentina |
|
| 942 |
_2lcc _cLIB |
||
| 999 |
_c98878 _d98878 |
||